Never Love An Anchor by The Crane Wives Lyrics - Statistics

General Stats
  • This quiz has been taken 23 times
  • The average score is 204 of 297
Answer Stats
Answer % Correct
a
100%
I
100%
an
93%
anchor
93%
And
93%
and
93%
could
93%
love
93%
never
93%
oh
93%
So
93%
that
93%
the
93%
think
93%
do
86%
Do
86%
of
86%
ship
86%
some
86%
you
86%
You
86%
all
79%
are
79%
but
79%
ever
79%
hands
79%
me
79%
my
79%
On
79%
on
79%
to
79%
your
79%
held
71%
not
71%
really
71%
thing
71%
try
71%
understood
71%
why
71%
always
64%
best
64%
did
64%
had
64%
have
64%
level
64%
only
64%
shoes
64%
they
64%
things
64%
tied
64%
tried
64%
were
64%
am
57%
chance
57%
gently
57%
harbor
57%
hold
57%
if
57%
is
57%
lose
57%
might
57%
mine
57%
said
57%
severed
57%
There
57%
these
57%
wonder
57%
as
50%
bring
50%
broken
50%
clever
50%
clumsy
50%
cruel
50%
fevers
50%
from
50%
guilty
50%
keep
50%
known
50%
remorseful
50%
sailing
50%
see
50%
selfish
50%
soothed
50%
two
50%
when
50%
whoa
50%
Whoa
50%
about
43%
close
43%
couldn't
43%
doesn't
43%
for
43%
hurt
43%
it
43%
It's
43%
loved
43%
myself
43%
place
43%
rest
43%
rope
43%
secret
43%
someone
43%
this
43%
times
43%
would
43%
away
36%
chest
36%
claws
36%
enough
36%
heart
36%
inside
36%
keeping
36%
reasons
36%
settled
36%
shoulders
36%
still
36%
that's
36%
tucked
36%
with
36%
you'll
36%
buried
29%
ithad
29%
Ooh
29%
ooh
29%
sent
14%
No matching quizzes found
Score Distribution
Percent of People with Each Score
Percentile by Number Answered
Your Score History
You have not taken this quiz